[Event "Bogota Intercolegiados 30th"]
[Site "Bogota"]
[Date "2009.10.01"]
[Round "5.9"]
[White "Castro Rey, Alejandra V"]
[Black "Arbolela Mallana, Leydi Nohemi"]
[Result "1/2-1/2"]
[WhiteElo "1521"]
[BlackElo "1508"]
[PlyCount "86"]
[EventDate "2009.09.29"]
[EventType "swiss"]
[EventRounds "5"]
[EventCountry "COL"]
[SourceTitle "EXT 2024"]
[Source "ChessBase"]
[SourceDate "2023.10.10"]
[SourceVersion "1"]
[SourceVersionDate "2023.10.10"]
[SourceQuality "1"]

1. e4 e5 2. Nf3 Nc6 3. Bb5 a6 4. Bxc6 bxc6 5. Nxe5 Qe7 6. d4 d6 7. Nc4 Qxe4+ 8. Ne3 Nf6 9. Nc3 Qg6 10. Qd3 d5 11. Bd2 Bd6 12. f3 0-0 13. Qxg6 fxg6 14. 0-0-0 Rb8 15. h3 Be5 16. Rhf1 c5 17. Ng4 cxd4 18. Nxf6+ Rxf6 19. Ne2 Bd7 20. Nxd4 c5 21. Nb3 c4 22. Nd4 Bb5 23. Bc3 Rfb6 24. Rde1 Bd6 25. g4 Bd7 26. Re2 Bb4 27. Bxb4 Rxb4 28. Re7 Rxb2 29. Rfe1 R2b7 30. Ne6 Bxe6 31. Rxb7 Rxb7 32. Rxe6 a5 33. Ra6 Rb5 34. a4 Rc5 35. Kd2 d4 36. Ra7 h6 37. Rd7 d3 38. Kc3 dxc2 39. Kxc2 h5 40. Kc3 Kh7 41. Rd4 Kh6 42. Rxc4 Re5 43. Kd4 Rg5 1/2-1/2